[Event "EU-chT U18"]
[Site "Terme Catez"]
[Date "2025.07.11"]
[Round "7.4"]
[White "Mohylnyi, Stepan"]
[Black "Bazilius, Augustinas"]
[Result "0-1"]
[WhiteElo "2294"]
[BlackElo "2261"]
[PlyCount "90"]
[EventDate "2025.07.05"]
[EventType "team-swiss"]
[EventRounds "7"]
[EventCountry "SLO"]
[SourceTitle "CB29_2025"]
[SourceDate "2025.07.16"]
[SourceVersion "1"]
[SourceVersionDate "2025.07.16"]
[SourceQuality "1"]
[WhiteTeam "Ukraine"]
[BlackTeam "Lithuania"]
[WhiteTeamCountry "UKR"]
[BlackTeamCountry "LTU"]

1. e4 e6 2. d3 d5 3. Nd2 c5 4. Ngf3 Nf6 5. g3 Nc6 6. Bg2 Be7 7. 0-0 0-0 8. e5 Nd7 9. Re1 Qc7 10. Qe2 b5 11. h4 a5 12. Nf1 Ba6 13. h5 Rfc8 14. h6 g6 15. c3 a4 16. N1h2 b4 17. a3 bxc3 18. bxc3 Rab8 19. Ng4 Rb3 20. Bf4 Rxc3 21. Nf6+ Nxf6 22. exf6 Bd6 23. Ng5 Nd4 24. Qg4 Bxf4 25. Nxe6 fxe6 26. Rxe6 Nxe6 27. Qxe6+ Kh8 28. f7 Qd6 29. Qe8+ Qf8 30. Qe1 Bxh6 31. Qxc3+ Bg7 32. Qa5 Bxa1 33. Qxa6 Rd8 34. Qe6 Kg7 35. Bxd5 Rxd5 36. Qxd5 Bd4 37. Kg2 Qxf7 38. Qe4 Qxf2+ 39. Kh3 Qf5+ 40. Qxf5 gxf5 41. Kg2 Bb2 42. Kf3 Kf6 43. Ke3 Bxa3 44. g4 fxg4 45. d4 cxd4+ 0-1

[Event "EU-chT U18"]
[Site "Terme Catez"]
[Date "2025.07.08"]
[Round "4.4"]
[White "Mohylnyi, Stepan"]
[Black "Filindash, Nikita"]
[Result "1-0"]
[WhiteElo "2294"]
[BlackElo "2172"]
[PlyCount "119"]
[EventDate "2025.07.05"]
[EventType "team-swiss"]
[EventRounds "7"]
[EventCountry "SLO"]
[SourceTitle "CB29_2025"]
[SourceDate "2025.07.16"]
[SourceVersion "1"]
[SourceVersionDate "2025.07.16"]
[SourceQuality "1"]
[WhiteTeam "Ukraine"]
[BlackTeam "Czech Republic"]
[WhiteTeamCountry "UKR"]
[BlackTeamCountry "CZE"]

1. e4 e5 2. Nf3 Nf6 3. Nc3 Nc6 4. Bb5 Bb4 5. 0-0 Bxc3 6. bxc3 0-0 7. d3 d6 8. Bg5 Bd7 9. d4 h6 10. Bh4 Re8 11. Re1 Ne7 12. Rb1 g5 13. dxe5 dxe5 14. Bxd7 Qxd7 15. Qxd7 Nxd7 16. Bg3 f6 17. Rxb7 Rec8 18. Rbb1 Nb6 19. Nd2 Rd8 20. Nb3 Na4 21. Na5 Nxc3 22. Rb4 Ne2+ 23. Kf1 Nd4 24. Rc4 Ne6 25. f3 Rd6 26. Rb1 Ra6 27. Be1 Rb6 28. Rd1 Kf7 29. Nb3 Rd6 30. Rxd6 cxd6 31. Ra4 Nc6 32. Bf2 Rc8 33. Rc4 Ned8 34. Ra4 Rc7 35. c4 Ne6 36. g3 Ke7 37. Ke2 Kd7 38. Be3 Rc8 39. c5 dxc5 40. Nxc5+ Nxc5 41. Bxc5 Rc7 42. Ke3 Rb7 43. Ra6 Rc7 44. f4 Rc8 45. Ra3 Rc7 46. f5 Ke8 47. Kd3 g4 48. Kc4 Kd7 49. Rd3+ Nd4 50. Kd5 Nf3 51. h3 Ng5 52. h4 Nf3 53. Ra3 h5 54. Rxa7 Rxa7 55. Bxa7 Nd2 56. Be3 Nf1 57. Bf2 Nd2 58. a4 Kc7 59. a5 Kb7 60. Be1 1-0

[Event "Titled Tuesday intern op 06th May Early"]
[Site "Chess.com INT"]
[Date "2025.05.06"]
[Round "4"]
[White "Mohylnyi, Stepan"]
[Black "Souza dos Santos, Matheus Garcett"]
[Result "1-0"]
[WhiteElo "2314"]
[BlackElo "1981"]
[PlyCount "69"]
[EventDate "2025.05.06"]
[EventType "swiss (blitz)"]
[EventRounds "11"]
[EventCountry "USA"]
[SourceTitle "CB20_2025"]
[SourceDate "2025.05.14"]
[SourceVersion "1"]
[SourceVersionDate "2025.05.14"]
[SourceQuality "1"]

1. e4 c5 2. Nf3 d6 3. d4 cxd4 4. Nxd4 Nf6 5. Bb5+ Nbd7 6. Nc3 a6 7. Bxd7+ Bxd7 8. 0-0 e6 9. Be3 Be7 10. a4 0-0 11. f4 Rc8 12. e5 dxe5 13. fxe5 Nd5 14. Nxd5 exd5 15. c3 Bc5 16. Qf3 Be6 17. Qg3 Re8 18. Bh6 Bf8 19. Bg5 Qc7 20. Rae1 b5 21. axb5 axb5 22. h4 b4 23. Rf3 bxc3 24. bxc3 Qa5 25. h5 Bc5 26. Bf6 g6 27. hxg6 fxg6 28. Qh4 Bxd4+ 29. cxd4 Rc7 30. Ref1 Rf7 31. Qh6 Bf5 32. Rxf5 gxf5 33. Rxf5 Rxf6 34. Qxf6 Qa1+ 35. Kh2 1-0

[Event "Bayern-chI Bank Hofmann 27th"]
[Site "Gmund am Tegernsee"]
[Date "2024.11.03"]
[Round "9"]
[White "Mohylnyi, Stepan"]
[Black "Ernst, Robert"]
[Result "1/2-1/2"]
[WhiteElo "2164"]
[BlackElo "2319"]
[PlyCount "68"]
[EventDate "2024.10.26"]
[EventType "swiss"]
[EventRounds "9"]
[EventCountry "GER"]
[SourceTitle "CB45_2024"]
[Source "ChessBase"]
[SourceDate "2024.11.06"]
[SourceVersion "1"]
[SourceVersionDate "2024.11.06"]
[SourceQuality "1"]

1. e4 c5 2. Nf3 e6 3. c4 Nc6 4. Nc3 Nd4 5. Be2 Ne7 6. d3 Nec6 7. Nxd4 cxd4 8. Nb5 a6 9. Na3 Bb4+ 10. Bd2 Bxd2+ 11. Qxd2 d6 12. 0-0 e5 13. f4 f6 14. f5 g5 15. Bh5+ Kf8 16. h4 h6 17. Kf2 Kg7 18. Nc2 Bd7 19. a4 a5 20. Na3 Nb4 21. Nb5 Bc6 22. hxg5 hxg5 23. Rh1 Na6 24. Rh3 Nc7 25. Qe2 Qe7 26. Rah1 Bxb5 27. axb5 Rh6 28. Bg6 Rxh3 29. Rxh3 Rh8 30. Rxh8 Kxh8 31. Qh5+ Kg8 32. Qe2 Qg7 33. Bh7+ Kf8 34. Bg6 Ke7 1/2-1/2

[Event "Bayern-chI Bank Hofmann 27th"]
[Site "Gmund am Tegernsee"]
[Date "2024.10.31"]
[Round "6"]
[White "Naumann, Alexander"]
[Black "Mohylnyi, Stepan"]
[Result "1-0"]
[WhiteElo "2487"]
[BlackElo "2146"]
[PlyCount "73"]
[EventDate "2024.10.26"]
[EventType "swiss"]
[EventRounds "9"]
[EventCountry "GER"]
[SourceTitle "CB45_2024"]
[Source "ChessBase"]
[SourceDate "2024.11.06"]
[SourceVersion "1"]
[SourceVersionDate "2024.11.06"]
[SourceQuality "1"]

1. c4 Nf6 2. Nf3 g6 3. Nc3 Bg7 4. e4 d6 5. d4 Nbd7 6. g3 0-0 7. Bg2 e5 8. 0-0 Re8 9. Re1 c6 10. h3 Qc7 11. Be3 exd4 12. Nxd4 Nc5 13. Qc2 Ne6 14. Rad1 Nxd4 15. Bxd4 Be6 16. b3 Rad8 17. Rd2 Nd7 18. Bxg7 Kxg7 19. Red1 Nc5 20. Ne2 a5 21. g4 Bc8 22. Qc3+ Kg8 23. Ng3 Ne6 24. Qf6 Rd7 25. Ne2 Qd8 26. Qf3 Qe7 27. Qg3 Nc5 28. Nc3 Red8 29. g5 Qe5 30. f4 Qe7 31. h4 b6 32. Bh3 Rc7 33. f5 Re8 34. Qxd6 Qxd6 35. Rxd6 Bd7 36. a3 gxf5 37. b4 1-0

[Event "GER-chT Lands U20"]
[Site "Tuebingen"]
[Date "2024.10.03"]
[Round "2"]
[White "Mohylnyi, Stepan"]
[Black "Karle, Sam"]
[Result "1-0"]
[WhiteElo "2160"]
[BlackElo "2124"]
[PlyCount "89"]
[EventDate "2024.10.03"]
[EventType "team-swiss"]
[EventRounds "7"]
[EventCountry "GER"]
[SourceTitle "CB47_2024"]
[SourceDate "2024.11.20"]
[SourceVersion "1"]
[SourceVersionDate "2024.11.20"]
[SourceQuality "1"]

1. e4 e5 2. Nf3 Nc6 3. d4 exd4 4. Nxd4 Nf6 5. Nxc6 bxc6 6. e5 Qe7 7. Qe2 Nd5 8. c4 Nb6 9. Nc3 a5 10. Qe4 Qe6 11. Be3 Bb4 12. Bxb6 cxb6 13. Bd3 d5 14. exd6 Bxd6 15. 0-0-0 Qxe4 16. Bxe4 Bf4+ 17. Kc2 Bd7 18. c5 Bc7 19. Nb5 cxb5 20. Bxa8 Bf5+ 21. Kb3 0-0 22. Bc6 Be6+ 23. Bd5 bxc5 24. Bxe6 fxe6 25. f3 Rf4 26. Rhe1 Rc4 27. a3 Bxh2 28. Rxe6 a4+ 29. Ka2 Rc2 30. Re7 h6 31. g4 b4 32. axb4 cxb4 33. Re4 a3 34. Rxb4 Rxb2+ 35. Rxb2 axb2 36. Kxb2 Be5+ 37. Kc2 Kf7 38. Kd3 Kg6 39. Ke4 Bb2 40. f4 Bc3 41. Rd6+ Kh7 42. Kf5 Bb2 43. Rd7 Bc3 44. g5 hxg5 45. fxg5 1-0

[Event "Bamberg op 6th"]
[Site "Bamberg"]
[Date "2024.09.06"]
[Round "4"]
[White "Mohylnyi, Stepan"]
[Black "Wolf, Rainer"]
[Result "1-0"]
[WhiteElo "2160"]
[BlackElo "2046"]
[PlyCount "69"]
[EventDate "2024.09.04"]
[EventType "swiss"]
[EventRounds "7"]
[EventCountry "GER"]
[SourceTitle "EXT 2025"]
[Source "ChessBase"]
[SourceDate "2024.10.14"]
[SourceVersion "1"]
[SourceVersionDate "2024.10.14"]
[SourceQuality "1"]

1. e4 d6 2. d4 g6 3. Nc3 Bg7 4. Nf3 a6 5. a4 Nc6 6. h3 e5 7. Bg5 f6 8. Be3 f5 9. exf5 Bxf5 10. g4 Bd7 11. d5 Nce7 12. Ng5 Nf6 13. Bg2 0-0 14. a5 Nc8 15. Nge4 Na7 16. Nxf6+ Bxf6 17. Ne4 Nb5 18. 0-0 c5 19. c3 Qe7 20. Qd2 Nc7 21. c4 Bh4 22. b4 cxb4 23. Qxb4 Ne8 24. c5 Bb5 25. Rfd1 Be2 26. Rd2 Bf3 27. Bxf3 Rxf3 28. Kg2 Qf8 29. Qxb7 Ng7 30. Nxd6 Rb8 31. Qxb8 Qxb8 32. Kxf3 Be7 33. Ne4 Ne8 34. d6 Bd8 35. c6 1-0

[Event "Bamberg op 6th"]
[Site "Bamberg"]
[Date "2024.09.05"]
[Round "2"]
[White "Mohylnyi, Stepan"]
[Black "Faulhaber, Rolf"]
[Result "1-0"]
[WhiteElo "2160"]
[BlackElo "2000"]
[PlyCount "81"]
[EventDate "2024.09.04"]
[EventType "swiss"]
[EventRounds "7"]
[EventCountry "GER"]
[SourceTitle "EXT 2025"]
[Source "ChessBase"]
[SourceDate "2024.10.14"]
[SourceVersion "1"]
[SourceVersionDate "2024.10.14"]
[SourceQuality "1"]

1. e4 c5 2. Nf3 g6 3. d4 cxd4 4. Nxd4 Nc6 5. Nc3 Bg7 6. Nde2 Nf6 7. g3 b5 8. Bg2 Rb8 9. 0-0 0-0 10. a3 d6 11. h3 a5 12. Be3 b4 13. axb4 Rxb4 14. b3 Ba6 15. Ra2 Rb8 16. Re1 Qc7 17. Qd2 Nb4 18. Ra4 Rfc8 19. Rc1 Nd7 20. Nd5 Nxd5 21. exd5 Bxe2 22. Qxe2 Rb4 23. Ra2 a4 24. bxa4 Qc4 25. Qxc4 Rcxc4 26. Bf1 Rc7 27. a5 Nc5 28. a6 Ra7 29. Ra5 Rb2 30. Bxc5 dxc5 31. Rxc5 Be5 32. Rc6 h5 33. h4 Kf8 34. Rd1 Ke8 35. Bh3 Ra8 36. Re1 f6 37. f4 Bd4+ 38. Kf1 Ra2 39. d6 R2xa6 40. d7+ Kf7 41. Rxa6 1-0

[Event "Wroclaw Anderssen Memorial op"]
[Site "Wroclaw"]
[Date "2024.08.15"]
[Round "8"]
[White "Golenia, Wojciech"]
[Black "Mohylnyi, Stepan"]
[Result "1-0"]
[WhiteElo "2212"]
[BlackElo "2125"]
[PlyCount "51"]
[EventDate "2024.08.15"]
[EventType "swiss (blitz)"]
[EventRounds "9"]
[EventCountry "POL"]
[SourceTitle "CBM 221 Extra"]
[Source "ChessBase"]
[SourceDate "2024.09.30"]
[SourceVersion "1"]
[SourceVersionDate "2024.09.30"]
[SourceQuality "1"]

1. e4 e6 2. d4 d5 3. Nd2 Nf6 4. e5 Nfd7 5. Bd3 c5 6. c3 Nc6 7. Ne2 cxd4 8. cxd4 f6 9. exf6 Qxf6 10. Nf3 Bd6 11. Bg5 Qf7 12. Bh4 h6 13. Bg3 Bxg3 14. hxg3 0-0 15. Nf4 e5 16. Ng5 exf4 17. Nxf7 Rxf7 18. 0-0 fxg3 19. fxg3 Nf6 20. Qd2 Bg4 21. Rae1 Raf8 22. Bg6 Rc7 23. Bb1 Rcf7 24. Bg6 Rc7 25. Rf4 Be6 26. Rxe6 1-0

[Event "Wroclaw Anderssen Memorial op"]
[Site "Wroclaw"]
[Date "2024.08.15"]
[Round "2"]
[White "Matzner, Radomil"]
[Black "Mohylnyi, Stepan"]
[Result "0-1"]
[WhiteElo "1856"]
[BlackElo "2125"]
[PlyCount "70"]
[EventDate "2024.08.15"]
[EventType "swiss (blitz)"]
[EventRounds "9"]
[EventCountry "POL"]
[SourceTitle "CBM 221 Extra"]
[Source "ChessBase"]
[SourceDate "2024.09.30"]
[SourceVersion "1"]
[SourceVersionDate "2024.09.30"]
[SourceQuality "1"]

1. e4 c5 2. Nf3 e6 3. d4 cxd4 4. Nxd4 a6 5. Bd3 Nf6 6. Nc3 Qc7 7. 0-0 Nc6 8. Nxc6 dxc6 9. Bg5 Be7 10. f4 e5 11. f5 0-0 12. Qf3 b5 13. Rad1 Bb7 14. a4 b4 15. Ne2 c5 16. b3 Nxe4 17. Bxe7 Nf6 18. Bd6 Qd7 19. Qg3 Qxd6 20. Bc4 Qe7 21. h4 Rfd8 22. Qg5 Rxd1 23. Rxd1 Rd8 24. Rxd8+ Qxd8 25. Kh2 Qd1 26. h5 h6 27. Qg6 Bd5 28. Bxd5 Nxd5 29. Qg4 Qxc2 30. Qf3 Nf6 31. Qa8+ Kh7 32. Qf3 e4 33. Qf1 Qxb3 34. Nf4 Ng4+ 35. Kh1 Qg3 0-1

[Event "Wroclaw Anderssen Memorial op"]
[Site "Wroclaw"]
[Date "2024.08.15"]
[Round "5"]
[White "Mohylnyi, Stepan"]
[Black "Jarmula, Lukasz"]
[Result "1-0"]
[WhiteElo "2125"]
[BlackElo "2433"]
[PlyCount "65"]
[EventDate "2024.08.15"]
[EventType "swiss (blitz)"]
[EventRounds "9"]
[EventCountry "POL"]
[SourceTitle "CBM 221 Extra"]
[Source "ChessBase"]
[SourceDate "2024.09.30"]
[SourceVersion "1"]
[SourceVersionDate "2024.09.30"]
[SourceQuality "1"]

1. e4 d5 2. exd5 Qxd5 3. Nc3 Qd6 4. d4 Nf6 5. Nf3 c6 6. g3 Bf5 7. Bf4 Qb4 8. Qd2 e6 9. Bd3 Bxd3 10. Qxd3 Nbd7 11. 0-0-0 Be7 12. Ne5 Nxe5 13. Bxe5 0-0-0 14. Qe2 Qa5 15. Kb1 Rhe8 16. Qc4 Nd7 17. Bxg7 Qg5 18. Be5 Nxe5 19. dxe5 Qxe5 20. a3 Kb8 21. Rhe1 Qc7 22. Qe4 Bf6 23. Ne2 Qb6 24. Qf4+ Ka8 25. Qxf6 Rd5 26. Qxf7 Red8 27. Rxd5 exd5 28. Nc3 d4 29. Na4 Qa5 30. Re8 a6 31. Rxd8+ Qxd8 32. Nc5 Qb6 33. Qxb7+ 1-0

[Event "Wroclaw Anderssen Memorial op"]
[Site "Wroclaw"]
[Date "2024.08.15"]
[Round "3"]
[White "Mohylnyi, Stepan"]
[Black "Reza, Wojciech"]
[Result "0-1"]
[WhiteElo "2125"]
[BlackElo "2294"]
[PlyCount "108"]
[EventDate "2024.08.15"]
[EventType "swiss (blitz)"]
[EventRounds "9"]
[EventCountry "POL"]
[SourceTitle "CBM 221 Extra"]
[Source "ChessBase"]
[SourceDate "2024.09.30"]
[SourceVersion "1"]
[SourceVersionDate "2024.09.30"]
[SourceQuality "1"]

1. e4 d6 2. d4 Nf6 3. Nc3 e5 4. dxe5 dxe5 5. Qxd8+ Kxd8 6. Bg5 Be6 7. 0-0-0+ Nbd7 8. a3 Bc5 9. Nf3 Kc8 10. Rd2 Ng4 11. Bh4 f6 12. h3 h5 13. Bg3 Nh6 14. Bd3 Nf7 15. Nh4 c6 16. Rhd1 b5 17. Kb1 a6 18. f3 Kc7 19. Bf2 Bxf2 20. Rxf2 a5 21. b3 Nc5 22. Nf5 b4 23. axb4 axb4 24. Na2 Bxf5 25. exf5 Rab8 26. Rfd2 Nd6 27. Nc1 Rhd8 28. g4 hxg4 29. hxg4 Rh8 30. Bf1 Rbd8 31. Na2 e4 32. fxe4 Ncxe4 33. Rd4 c5 34. Rd5 Rh2 35. Bd3 Nf2 36. Re1 Kc6 37. Bc4 Rh1 38. Rxh1 Nxh1 39. Nc1 Nf2 40. c3 bxc3 41. Kc2 Nxg4 42. Rd3 Ne5 43. Bd5+ Kb6 44. Rxc3 Nb5 45. Be6 Nxc3 46. Kxc3 Rd4 47. Ne2 Re4 48. Kd2 Rh4 49. Nc3 Kc6 50. Ke2 Rh2+ 51. Ke3 Rh3+ 52. Kd2 Nf3+ 53. Kc1 Nd4 54. Bd5+ Kd6 0-1

[Event "Wroclaw op-A"]
[Site "Wroclaw"]
[Date "2024.08.13"]
[Round "8"]
[White "Mohylnyi, Stepan"]
[Black "Skrzypinski, Jan"]
[Result "1-0"]
[WhiteElo "2125"]
[BlackElo "2042"]
[PlyCount "105"]
[EventDate "2024.08.08"]
[EventType "swiss"]
[EventRounds "9"]
[EventCountry "POL"]
[SourceTitle "EXT 2025"]
[Source "ChessBase"]
[SourceDate "2024.10.14"]
[SourceVersion "1"]
[SourceVersionDate "2024.10.14"]
[SourceQuality "1"]

1. e4 e5 2. Nf3 Nc6 3. d4 exd4 4. Nxd4 Nf6 5. Nxc6 bxc6 6. e5 Qe7 7. Qe2 Nd5 8. c4 Ba6 9. b3 g6 10. Bb2 Bg7 11. g3 0-0 12. Bg2 Rae8 13. 0-0 Bxe5 14. Bxe5 Qxe5 15. Qxe5 Rxe5 16. cxd5 Bxf1 17. Kxf1 cxd5 18. Nc3 c6 19. Rd1 Rb8 20. Rd4 Rbe8 21. Rd1 d4 22. Nb1 c5 23. Nd2 Kg7 24. Bf3 f5 25. Rc1 Kf6 26. Nc4 R5e6 27. Nb2 d6 28. Nd3 Rc8 29. Rc4 Re7 30. Nf4 Re5 31. Ra4 g5 32. Nd3 Re7 33. Bd5 Rec7 34. Ra6 Rd8 35. Ke2 Re8+ 36. Kd2 Ke7 37. Nb2 Rd8 38. Nc4 Rdd7 39. Na5 Kf6 40. Kd3 h5 41. f4 gxf4 42. gxf4 h4 43. Kc4 Rc8 44. Nb7 Ke7 45. Rxa7 h3 46. a4 Rh8 47. a5 Rh4 48. Nxd6 Rxa7 49. Nc8+ Kd7 50. Nxa7 Rxf4 51. Nb5 d3+ 52. Kxd3 Rb4 53. a6 1-0

[Event "Wroclaw op-A"]
[Site "Wroclaw"]
[Date "2024.08.12"]
[Round "6"]
[White "Mohylnyi, Stepan"]
[Black "Kowalczyk, Rafal"]
[Result "1/2-1/2"]
[WhiteElo "2125"]
[BlackElo "2183"]
[PlyCount "102"]
[EventDate "2024.08.08"]
[EventType "swiss"]
[EventRounds "9"]
[EventCountry "POL"]
[SourceTitle "EXT 2025"]
[Source "ChessBase"]
[SourceDate "2024.10.14"]
[SourceVersion "1"]
[SourceVersionDate "2024.10.14"]
[SourceQuality "1"]

1. e4 e5 2. Nf3 Nc6 3. d4 exd4 4. Nxd4 Nf6 5. Nxc6 bxc6 6. e5 Qe7 7. Qe2 Nd5 8. c4 Nb6 9. b3 Ba6 10. Bb2 0-0-0 11. g3 Re8 12. Nd2 f6 13. 0-0-0 fxe5 14. Bh3 Kb8 15. Rhe1 Qc5 16. Kb1 Qa5 17. f4 Bb4 18. fxe5 d5 19. Rf1 dxc4 20. Nxc4 Bxc4 21. bxc4 Bc3 22. Bxc3 Qxc3 23. Rd3 Rxe5 24. Rxc3 Rxe2 25. c5 Rxh2 26. cxb6 Rxh3 27. bxa7+ Kxa7 28. Rf7 Rb8+ 29. Kc2 Rh2+ 30. Kd3 Rd8+ 31. Kc4 Rxa2 32. Rxc7+ Kb6 33. Rxg7 Ra4+ 34. Kb3 Rda8 35. Rxh7 Ra3+ 36. Kc2 Rxc3+ 37. Kxc3 Ra3+ 38. Kb4 Rxg3 39. Rh4 Rg5 40. Rf4 Rb5+ 41. Kc4 Ra5 42. Kb4 c5+ 43. Kb3 Ra8 44. Rf6+ Kb5 45. Rf7 c4+ 46. Kc3 Ra3+ 47. Kc2 Re3 48. Rb7+ Kc6 49. Rb8 Kc5 50. Rc8+ Kd4 51. Rd8+ Kc5 1/2-1/2

[Event "Wroclaw op-A"]
[Site "Wroclaw"]
[Date "2024.08.10"]
[Round "4"]
[White "Mohylnyi, Stepan"]
[Black "Diachek, Andriy"]
[Result "1-0"]
[WhiteElo "2125"]
[BlackElo "2196"]
[PlyCount "77"]
[EventDate "2024.08.08"]
[EventType "swiss"]
[EventRounds "9"]
[EventCountry "POL"]
[SourceTitle "EXT 2025"]
[Source "ChessBase"]
[SourceDate "2024.10.14"]
[SourceVersion "1"]
[SourceVersionDate "2024.10.14"]
[SourceQuality "1"]

1. d4 Nf6 2. c4 e6 3. Nf3 Bb4+ 4. Bd2 Be7 5. Nc3 d5 6. e3 0-0 7. Bd3 dxc4 8. Bxc4 c5 9. 0-0 a6 10. dxc5 Bxc5 11. Qc2 Ba7 12. Rfd1 Qe7 13. Ne4 Nc6 14. Bc3 e5 15. Nxf6+ Qxf6 16. Bd5 Bg4 17. h3 Bh5 18. Qe4 Rfe8 19. Rac1 Rac8 20. Qa4 Bb8 21. Be4 Qe7 22. Rd2 Bxf3 23. Bxf3 e4 24. Bg4 Rcd8 25. Rcd1 Rxd2 26. Rxd2 Be5 27. Rd7 Qc5 28. Qb3 Rf8 29. Rxb7 Na5 30. Bxa5 Qxa5 31. g3 g6 32. Kg2 Bd6 33. Be6 Bc7 34. Bd5 h5 35. Qc4 Be5 36. Bxf7+ Kg7 37. Bg8+ Kh6 38. Rh7+ Kg5 39. h4+ 1-0

[Event "Pardubice Czech op-A 35th"]
[Site "Pardubice"]
[Date "2024.07.19"]
[Round "1"]
[White "Mohylnyi, Stepan"]
[Black "Finek, Vaclav"]
[Result "0-1"]
[WhiteElo "2133"]
[BlackElo "2452"]
[PlyCount "84"]
[EventDate "2024.07.19"]
[EventType "swiss"]
[EventRounds "9"]
[EventCountry "CZE"]
[SourceTitle "CBM 221 Extra"]
[Source "ChessBase"]
[SourceDate "2024.09.30"]
[SourceVersion "1"]
[SourceVersionDate "2024.09.30"]
[SourceQuality "1"]

1. e4 c5 2. Nf3 g6 3. d4 cxd4 4. Nxd4 Bg7 5. Nc3 Nc6 6. Nde2 Nf6 7. g3 0-0 8. Bg2 d6 9. 0-0 Rb8 10. a4 Be6 11. h3 Nd7 12. Be3 Bc4 13. Re1 Qa5 14. Nd4 Rfc8 15. Nd5 Bxd5 16. exd5 Nxd4 17. Bxd4 Bxd4 18. Qxd4 Rxc2 19. Rxe7 Ne5 20. f4 Rd2 21. b4 Rxd4 22. bxa5 Kf8 23. Rc7 Rc4 24. Rxc4 Nxc4 25. Rc1 Nxa5 26. Rc7 Nb3 27. Rc4 Nc5 28. Kf2 b5 29. axb5 Rxb5 30. Rc2 a5 31. Bf1 Rb3 32. g4 a4 33. Ke2 a3 34. Kd2 Rf3 35. Ke1 Rxf4 36. Ra2 Rf3 37. Ke2 Rb3 38. Kd2 Ne4+ 39. Kc2 Rc3+ 40. Kb1 Rf3 41. Bg2 Nc3+ 42. Ka1 Nxa2 0-1

[Event "Munich op-A 2nd"]
[Site "Munich"]
[Date "2024.06.02"]
[Round "9"]
[White "Stijve, Theo"]
[Black "Mohylnyi, Stepan"]
[Result "1-0"]
[WhiteElo "2328"]
[BlackElo "2140"]
[PlyCount "71"]
[EventDate "2024.05.26"]
[EventType "swiss"]
[EventRounds "9"]
[EventCountry "GER"]
[SourceTitle "CBM 220 Extra"]
[Source "ChessBase"]
[SourceDate "2024.07.31"]
[SourceVersion "1"]
[SourceVersionDate "2024.07.31"]
[SourceQuality "1"]

1. c4 Nf6 2. Nc3 d5 3. cxd5 Nxd5 4. g3 g6 5. Bg2 Nb6 6. h4 h6 7. a4 a5 8. d3 Bg7 9. Be3 Nc6 10. Nb5 Be6 11. Nh3 Nd5 12. Bf4 Ncb4 13. Qd2 c6 14. Nc3 Nxc3 15. bxc3 Nd5 16. Rc1 Nxf4 17. Nxf4 Bb3 18. Rb1 Bxa4 19. Rxb7 Rb8 20. Rxb8 Qxb8 21. 0-0 Qb3 22. d4 0-0 23. Nd3 Bb5 24. Nc5 Qc4 25. Ra1 a4 26. e3 Ra8 27. Qc2 a3 28. Bf1 Qd5 29. c4 Qxc5 30. dxc5 Bxa1 31. cxb5 Bb2 32. bxc6 a2 33. Qxb2 a1Q 34. Qxa1 Rxa1 35. c7 Ra8 36. Ba6 1-0

[Event "GER-ch U14"]
[Site "Willingen"]
[Date "2024.05.22"]
[Round "6"]
[White "Mohylnyi, Stepan"]
[Black "Lu, Yunong Elias"]
[Result "1/2-1/2"]
[WhiteElo "2147"]
[BlackElo "1990"]
[PlyCount "70"]
[EventDate "2024.05.19"]
[EventType "swiss"]
[EventRounds "9"]
[EventCountry "GER"]
[SourceTitle "CBM 220 Extra"]
[Source "ChessBase"]
[SourceDate "2024.07.31"]
[SourceVersion "1"]
[SourceVersionDate "2024.07.31"]
[SourceQuality "1"]

1. e4 c6 2. d4 d5 3. Nc3 dxe4 4. Nxe4 Nf6 5. Nxf6+ exf6 6. c3 Bd6 7. Bd3 0-0 8. Qc2 Re8+ 9. Ne2 h5 10. h4 Nd7 11. Bd2 Nf8 12. 0-0-0 Ng6 13. f3 Qc7 14. Rdg1 Bh2 15. Re1 Be6 16. Bxg6 fxg6 17. Qxg6 Bf7 18. Qd3 Bg3 19. Ref1 b5 20. b3 Bd6 21. Kb1 c5 22. Nc1 c4 23. Qc2 a5 24. g4 hxg4 25. h5 gxf3 26. h6 g6 27. Rhg1 Kh8 28. Ka1 cxb3 29. axb3 a4 30. b4 f5 31. Rxf3 Re4 32. Qd1 Qc4 33. Bg5 Kh7 34. Qd2 Rae8 35. Rf2 Rc8 1/2-1/2

[Event "Prague op 22nd"]
[Site "Prague"]
[Date "2024.01.08"]
[Round "5"]
[White "Mohylnyi, Stepan"]
[Black "Piotraschke, Jens"]
[Result "1-0"]
[WhiteElo "2180"]
[BlackElo "2056"]
[PlyCount "123"]
[EventDate "2024.01.05"]
[EventType "swiss"]
[EventRounds "9"]
[EventCountry "CZE"]
[SourceTitle "CBM 218 Extra"]
[Source "ChessBase"]
[SourceDate "2024.03.31"]
[SourceVersion "1"]
[SourceVersionDate "2024.03.31"]
[SourceQuality "1"]

1. e4 c6 2. d4 d5 3. Nc3 dxe4 4. Nxe4 Bf5 5. Ng3 Bg6 6. h4 h6 7. Nf3 Nd7 8. h5 Bh7 9. Bd3 Bxd3 10. Qxd3 Qc7 11. Bd2 e6 12. Qe2 Ngf6 13. c4 Bd6 14. Nf5 0-0 15. Nxd6 Qxd6 16. Rh4 Rfe8 17. Bc3 b5 18. Ne5 bxc4 19. Qxc4 Nd5 20. Kf1 Rac8 21. Re1 Qe7 22. g3 N7b6 23. Qb3 c5 24. dxc5 Qxc5 25. Bd4 Qc2 26. Kg2 Qxb3 27. axb3 f6 28. Nd3 Kf7 29. Ra1 Rc7 30. b4 e5 31. Bc5 e4 32. Nf4 e3 33. fxe3 Nxe3+ 34. Kf3 Nec4 35. Rh2 Ne5+ 36. Kg2 Rd8 37. Kh3 Nd3 38. Nxd3 Rxd3 39. Re2 Rd5 40. Kh4 Rdd7 41. b3 Nc8 42. Re3 Ne7 43. g4 Nd5 44. Rd3 Nb6 45. Rxd7+ Rxd7 46. Ra6 Rb7 47. Kg3 Rd7 48. Bxb6 axb6 49. Rxb6 f5 50. gxf5 Rd3+ 51. Kf4 Rxb3 52. b5 Rb1 53. Ke5 Re1+ 54. Kd5 Rf1 55. Re6 Rxf5+ 56. Re5 Rf1 57. Kc6 Kf6 58. Rc5 Re1 59. b6 g6 60. hxg6 Kxg6 61. b7 Re8 62. Kb6 1-0

[Event "GER-chT U16"]
[Site "Magdeburg"]
[Date "2023.12.29"]
[Round "6.1"]
[White "Ermitsch, Magnus"]
[Black "Mohylnyi, Stepan"]
[Result "1-0"]
[WhiteElo "2273"]
[BlackElo "2180"]
[PlyCount "75"]
[EventDate "2023.12.26"]
[EventType "team-swiss"]
[EventRounds "7"]
[EventCountry "GER"]
[SourceTitle "CBM 218 Extra"]
[Source "ChessBase"]
[SourceDate "2024.03.31"]
[SourceVersion "1"]
[SourceVersionDate "2024.03.31"]
[SourceQuality "1"]
[WhiteTeam "Kiel Doppelbauer"]
[BlackTeam "Nuernberg Noris Tarrasch"]
[WhiteTeamCountry "GER"]
[BlackTeamCountry "GER"]

1. e4 e6 2. d4 d5 3. Nc3 Bb4 4. Nge2 dxe4 5. a3 Be7 6. Nxe4 Nf6 7. Nxf6+ Bxf6 8. Be3 Nd7 9. Qd2 Nb6 10. Ng3 Nd5 11. Nh5 Nxe3 12. Nxf6+ Qxf6 13. Qxe3 Bd7 14. 0-0-0 0-0-0 15. Be2 Kb8 16. Bf3 h5 17. Kb1 g5 18. h4 g4 19. Be4 e5 20. dxe5 Qxe5 21. Rd5 Qf6 22. Qc5 Rhe8 23. Rhd1 Be6 24. Rxd8+ Rxd8 25. Rxd8+ Qxd8 26. b3 a6 27. Qxh5 Qd1+ 28. Ka2 Bxb3+ 29. Kxb3 Qb1+ 30. Kc4 b5+ 31. Kd4 Qa1+ 32. c3 Qd1+ 33. Ke5 Qd6+ 34. Kf5 Qd7+ 35. Kf4 Qd2+ 36. Kxg4 Qe2+ 37. Bf3 Qc4+ 38. Kg3 1-0